00657nam a2200181 i 450000100060000000300090000600500170001500700030003200800410003508000120007610000340008824502310012226000330035365000150038665000180040171000330041985200230045226695ES-MaACL20240203062542.0t|030110s1857 sp ||||1| spa d a159.9281 aAsuero y Cortázar, Vicente.11a¿Nacen todos los hombres con las mismas facultades e igualmente aptos para el estudio o el cultivo de todas las ciencias y las artes? : bdiscurso pronunciado en la Universidad Central en 1855 / cVicente Asuero y Cortázar. aMadrid : bDucazcal, c1857. 4aAptitudes. 4aInteligencia.2 aUniversidad Central (Madrid)4 aES-MaACLjT-30-F-1